The Political Gender Gap Exploring Polarization Between Young Men & Women

Bibliográfiai részletek
Szerző: Belarbi Imane
További közreműködők: Miskolczi Péter
Dokumentumtípus: TDK dolgozat
Kulcsszavak:gender roles
masculinity
online media consumption
patriarchy
Political Polarization
Online Access:http://dolgozattar.uni-bge.hu/60513

MARC

LEADER 00000nta a2200000 i 4500
001 dolg60513
005 20260416073830.0
008 260416suuuu hu o 000 eng d
040 |a BGE Dolgozattár Repozitórium  |b hun 
041 |a en 
100 1 |a Belarbi Imane 
245 1 4 |a The Political Gender Gap  |b Exploring Polarization Between Young Men & Women  |c Belarbi Imane  |h [elektronikus dokumentum] 
516 |a Students_Scientific_Association_paper 
520 3 |a In recent years, a global shift in political alignment has emerged among younger generations, marked by growing polarization between young men and young women. While young men increasingly lean toward right-wing ideologies, young women tend to embrace progressive and liberal viewpoints—a divergence that raises important questions about its underlying causes and broader implications. Several factors contribute to this divide, including changing perceptions of gender roles, reactions to social justice movements, and rising mental health concerns. Cultural and economic shifts, along with the influence of educational institutions, further shape political attitudes, while public figures and the pervasive reach of online media add complexity to how young men form and express their political identities. This study investigates whether the influences driving political polarization among youth globally are also present in Hungarian society. To examine this phenomenon, a quantitative approach was employed, involving two separate surveys designed to overcome language barriers—one in Hungarian and one in English. The analysis aims to assess the extent to which online media consumption correlates with political polarization between young men and young women, both within Hungary and in a broader international context.Keywords: political polarization, gender roles, online media consumption, masculinity 
695 |a gender roles 
695 |a masculinity 
695 |a online media consumption 
695 |a patriarchy 
695 |a Political Polarization 
700 1 |a Miskolczi Péter  |e ths 
856 4 0 |u http://dolgozattar.uni-bge.hu/60513/1/Imane_Belarbi_SRS%20Paper.pdf  |z Dokumentum-elérés 
856 4 0 |u http://dolgozattar.uni-bge.hu/60513/2/Imane%20Belarbi_Resume.docx  |z Dokumentum-elérés 
856 4 0 |u http://dolgozattar.uni-bge.hu/60513/3/IB.pdf  |z Dokumentum-elérés 
856 4 0 |u http://dolgozattar.uni-bge.hu/60513/4/05_Paper_evaluation_form_2025%20%C3%9AJ%20LOGO.pdf  |z Dokumentum-elérés